La obligación natural como elemento moralizador de la relación jurídica en el código civil chileno

Saved in:
Bibliografiske detaljer
Main Authors: Villarroel Barrientos, Carlos (Author), Villarroel Barrientos, Gabriel (Author)
Format: Bog
Sprog:spansk
Udgivet: Santiago Jurídica de Chile 1982
Udgivelse:1a. ed
Fag:
Tags: Tilføj Tag
Ingen Tags, Vær først til at tagge denne postø!

MARC

LEADER 00000cam a2200000 a 4500
001 UCZ1363
003 CL-VaPUC
008 950824e19820000CL |||||||||||||||||spa|d
082 0 4 |a 346.02  |b VIL  |2 21 
100 0 |a Villarroel Barrientos, Carlos  |e author  |9 344922 
700 0 |a Villarroel Barrientos, Gabriel  |e author  |9 344923 
245 1 3 |a La obligación natural como elemento moralizador de la relación jurídica en el código civil chileno 
250 |a 1a. ed 
300 |a 281 p 
942 |c BK 
945 |d 19950824 00:00:00  |a aalvarez 
260 |a Santiago  |b Jurídica de Chile  |c 1982 
650 0 |a Obligaciones   |9 255578 
650 0 |a Filosofía del derecho   |9 255050 
583 |a last modification  |c 20150714 05:40:06  |k Rodrigo Vera 
999 |c 238117  |d 238115 
952 |0 0  |1 0  |4 0  |6 346_020000000000000_VIL_1982  |7 0  |8 A  |9 248116  |a BIBDER  |b BIBDER  |d 2019-11-18  |i 479513K  |o 346.02 VIL 1982  |p 479513K  |r 2023-01-25  |w 2019-11-18  |y BK  |k DER